[Event "Satka Autumn 2019"]
[Site "Satka"]
[Date "2019.09.25"]
[Round "7.5"]
[White "Eidelson, Rakhil"]
[Black "Semenova, Elena"]
[Result "1/2-1/2"]
[WhiteElo "2064"]
[BlackElo "2303"]
[PlyCount "94"]
[EventDate "2019.09.19"]

1. e4 e5 2. Nf3 Nc6 3. Bc4 Nf6 4. d3 Bc5 5. O-O O-O 6. c3 d5 7. exd5 Nxd5 8. b4
Be7 9. b5 Na5 10. Nxe5 Nxc4 11. Nxc4 a6 12. b6 Nxb6 13. Nxb6 cxb6 14. a4 Bf5
15. d4 Rc8 16. Bb2 Rc6 17. Nd2 Rg6 18. Kh1 Bd6 19. g3 Bg4 20. Qc2 Bh3 21. Rfe1
Qf6 22. Kg1 Bf4 23. Nf1 Bf5 24. Qe2 Qc6 25. c4 Bg4 26. Qe4 Qxe4 27. Rxe4 Bd6
28. Ree1 Rc8 29. Ne3 Be6 30. Rec1 f5 31. d5 Bd7 32. Bd4 f4 33. Ng2 fxg3 34.
hxg3 Rg4 35. Bxb6 Rgxc4 36. Rxc4 Rxc4 37. a5 Kf7 38. Ne3 Rc3 39. Rb1 g6 40. Bd4
Rc7 41. Rb6 Ke7 42. Kg2 Bc8 43. Kf3 Rc1 44. Bb2 Rc7 45. Bd4 Rc1 46. Bb2 Rc7 47.
Bd4 Rc1 1/2-1/2

[Event "Satka Autumn 2019"]
[Site "Satka"]
[Date "2019.09.25"]
[Round "7.13"]
[White "Stroganova, Karina"]
[Black "Nikulina, Anastasiya"]
[Result "0-1"]
[WhiteElo "1885"]
[BlackElo "1540"]
[PlyCount "82"]
[EventDate "2019.09.19"]

1. d4 Nf6 2. Nf3 b6 3. g3 Bb7 4. Bg2 g6 5. c4 Bg7 6. Nc3 O-O 7. Qc2 d6 8. O-O
Nc6 9. Rd1 Nd7 10. Bg5 h6 11. Bf4 Nxd4 12. Nxd4 Bxg2 13. Kxg2 Bxd4 14. Bxh6 Bg7
15. Qd2 Re8 16. Bxg7 Kxg7 17. Ne4 Ne5 18. Ng5 e6 19. h4 f6 20. Nh3 Nxc4 21. Qc3
Ne5 22. Nf4 Qe7 23. f3 d5 24. Rh1 c5 25. h5 Rh8 26. g4 g5 27. Nh3 d4 28. Qc2
Qb7 29. Kf2 Rad8 30. Qd2 Qe7 31. Rag1 d3 32. Qe3 Nc4 33. Qe4 Nxb2 34. Rb1 d2
35. Nxg5 fxg5 36. Qe5+ Qf6 37. h6+ Kf7 38. Qc7+ Kg6 39. Rh5 d1=Q 40. Rxd1 Rxd1
41. Rxg5+ Kxg5 0-1

[Event "Satka Autumn 2019"]
[Site "Satka"]
[Date "2019.09.25"]
[Round "7.14"]
[White "Aleshina, Arina"]
[Black "Svetlova, Ksenia"]
[Result "0-1"]
[WhiteElo "1365"]
[BlackElo "1875"]
[PlyCount "78"]
[EventDate "2019.09.19"]

1. d4 Nf6 2. c4 e5 3. dxe5 Ng4 4. Bf4 Nc6 5. Nf3 Bb4+ 6. Nc3 Qe7 7. Qd5 Bxc3+
8. bxc3 f6 9. exf6 Nxf6 10. Qd3 d6 11. e3 O-O 12. Be2 Ne4 13. O-O Bf5 14. Nd4
Nxd4 15. Qxd4 Kh8 16. f3 Nc5 17. g4 Ne6 18. Qd2 Nxf4 19. exf4 Rae8 20. Rae1 Bd7
21. Bd3 Qf7 22. f5 Bc6 23. Qf2 Qf6 24. Rxe8 Rxe8 25. Re1 Rg8 26. Qd4 Bxf3 27.
Qxf6 gxf6 28. h3 h5 29. Kf2 hxg4 30. Re6 g3+ 31. Kg1 Bc6 32. Rxf6 Kg7 33. Rg6+
Kf7 34. a4 Rh8 35. Rg4 Kf6 36. Rg6+ Ke5 37. Rxg3 Rh4 38. Rg6 Be4 39. Rg3 Kf4
0-1

[Event "Satka Autumn 2019"]
[Site "Satka"]
[Date "2019.09.25"]
[Round "7.15"]
[White "Matsenko, Elena"]
[Black "Telelyukhina, Elizaveta"]
[Result "1-0"]
[WhiteElo "1841"]
[BlackElo "1445"]
[PlyCount "68"]
[EventDate "2019.09.19"]

1. e4 e6 2. d4 d5 3. Nd2 Nc6 4. Ngf3 Nf6 5. e5 Ne4 6. Bd3 Nxd2 7. Bxd2 Nb4 8.
Be2 c5 9. c3 Nc6 10. O-O Qb6 11. Bc1 Bd7 12. dxc5 Bxc5 13. b4 Be7 14. Bd3 O-O
15. Re1 Qc7 16. Bd2 Rac8 17. Rc1 Qb8 18. Bg5 Bxg5 19. Nxg5 h6 20. Nh7 Rfd8 21.
Qh5 b5 22. g4 d4 23. g5 Nxe5 24. Be4 d3 25. Rcd1 hxg5 26. Nxg5 Rxc3 27. f4 Qb6+
28. Kh1 Ng6 29. Bxg6 fxg6 30. Qh7+ Kf8 31. Qh8+ Ke7 32. Qxg7+ Kd6 33. Ne4+ Kc7
34. Qxc3+ Bc6 1-0

[Event "Satka Autumn 2019"]
[Site "Satka"]
[Date "2019.09.25"]
[Round "7.16"]
[White "Mirgalina, Anna"]
[Black "Zyapaeva, Polina"]
[Result "0-1"]
[WhiteElo "1473"]
[BlackElo "1808"]
[PlyCount "64"]
[EventDate "2019.09.19"]

1. e4 c5 2. Nf3 e6 3. d4 cxd4 4. Nxd4 a6 5. Be2 Nf6 6. Bf3 Qc7 7. O-O Nc6 8.
Nxc6 bxc6 9. Nc3 Bb7 10. Re1 Bd6 11. g3 h5 12. Qe2 Be5 13. Bd2 a5 14. Na4 Ba6
15. Qe3 Bb5 16. Nc3 h4 17. Rab1 hxg3 18. hxg3 Ba6 19. Kg2 c5 20. Rh1 O-O-O 21.
Na4 d6 22. Be2 Bb7 23. Bf3 Bd4 24. Qb3 Nxe4 25. Nb6+ Kb8 26. Bxa5 Qc6 27. Rxh8
Rxh8 28. Nd7+ Qxd7 29. Bxe4 d5 30. Bf3 e5 31. Bc3 Qh3+ 32. Kg1 Qh2+ 0-1

[Event "Satka Autumn 2019"]
[Site "Satka"]
[Date "2019.09.25"]
[Round "7.17"]
[White "Lebedeva, Ulyana"]
[Black "Kulkova, Dina"]
[Result "1/2-1/2"]
[WhiteElo "1660"]
[BlackElo "1424"]
[PlyCount "90"]
[EventDate "2019.09.19"]

1. d4 Nf6 2. Nf3 e6 3. e3 d5 4. b3 c5 5. Bb2 Nc6 6. Bd3 Be7 7. a3 Bd7 8. Nbd2
O-O 9. O-O Qc7 10. Ne5 Rac8 11. f4 a6 12. c4 dxc4 13. Ndxc4 b5 14. Nxc6 Bxc6
15. Ne5 Bb7 16. Qe2 Bd5 17. Qd1 Qb7 18. Rf2 c4 19. Bc2 c3 20. Bc1 a5 21. Rb1
Ne4 22. Re2 Kh8 23. Qd3 f5 24. Qd1 g5 25. Re1 g4 26. Qe2 Kg7 27. Bd3 Rb8 28. a4
b4 29. Bc4 h5 30. Bxd5 Qxd5 31. Qc4 Rbc8 32. Qxd5 exd5 33. Re2 Rc7 34. Rc2 Rfc8
35. Kf1 h4 36. Kg1 Bd6 37. Nd3 Rh8 38. Ra1 Kf6 39. Raa2 Rhc8 40. Kf1 Ke6 41.
Kg1 Nf6 42. Kf1 Nd7 43. Ke1 Nb6 44. Ke2 Rb8 45. Ke1 Rbb7 1/2-1/2

[Event "Satka Autumn 2019"]
[Site "Satka"]
[Date "2019.09.25"]
[Round "7.18"]
[White "Krylova, Mariya"]
[Black "Voskresenskaya, Marta"]
[Result "1/2-1/2"]
[WhiteElo "1543"]
[BlackElo "1907"]
[PlyCount "211"]
[EventDate "2019.09.19"]

1. e4 c6 2. d4 d5 3. Nc3 dxe4 4. Nxe4 Bf5 5. Ng3 Bg6 6. h4 h6 7. Nf3 Nd7 8. h5
Bh7 9. Bd3 Bxd3 10. Qxd3 e6 11. Bd2 Ngf6 12. O-O-O Be7 13. Kb1 O-O 14. Ne4 Nxe4
15. Qxe4 Nf6 16. Qe2 Qd5 17. Ne5 Qe4 18. Qxe4 Nxe4 19. Be3 Rfd8 20. g4 f6 21.
Ng6 Bd6 22. Rhe1 f5 23. f3 Nf6 24. Bf4 fxg4 25. fxg4 Nxg4 26. Rxe6 Bxf4 27.
Nxf4 Nf6 28. c3 Re8 29. Rde1 Kf7 30. R6e5 Rxe5 31. Rxe5 Re8 32. Rf5 Re1+ 33.
Kc2 Rg1 34. Kd3 Rg5 35. Re5 Nd7 36. Re3 Rf5 37. Ke4 Ra5 38. Rf3 Nf6+ 39. Kd3
Rxa2 40. Rf2 Ra5 41. Rh2 Rf5 42. Rh4 Rg5 43. Rh3 Rf5 44. Rh4 a5 45. Kc4 b5+ 46.
Kb3 c5 47. dxc5 Rxc5 48. Rh3 Rf5 49. Rh4 Nd5 50. Ne2 Nf6 51. Nf4 Rg5 52. Rh2
Rg4 53. Ne2 Re4 54. Ng3 Re5 55. Kc2 Rg5 56. Rh3 a4 57. Kd3 g6 58. hxg6+ Kxg6
59. Ne2 Nd5 60. Rh2 h5 61. Ke4 Nf6+ 62. Kf3 Rf5+ 63. Kg3 Kg5 64. Nd4 Ne4+ 65.
Kh3 Rd5 66. Re2 Nf6 67. Ne6+ Kh6 68. Nd4 b4 69. Re6 bxc3 70. bxc3 Kg6 71. Ra6
Rc5 72. Rxa4 Rxc3+ 73. Kg2 h4 74. Ne2 h3+ 75. Kh2 Rc2 76. Kxh3 Rxe2 77. Kg3 Re5
78. Ra6 Kg5 79. Kf3 Ng4 80. Ra3 Kf5 81. Rb3 Re4 82. Ra3 Ne5+ 83. Kf2 Kf4 84.
Kg2 Re2+ 85. Kf1 Rb2 86. Ke1 Ke4 87. Kd1 Nd3 88. Ra8 Ne5 89. Kc1 Re2 90. Ra4+
Ke3 91. Ra7 Kd4 92. Rc7 Nc4 93. Kd1 Re3 94. Rd7+ Kc3 95. Rc7 Re8 96. Rc6 Kd3
97. Rc7 Ne3+ 98. Kc1 Nd5 99. Rd7 Re5 100. Kb2 Kc4 101. Rh7 Re2+ 102. Kc1 Kd3
103. Rd7 Rc2+ 104. Kb1 Rc5 105. Kb2 Kd4 106. Kb3 1/2-1/2

[Event "Satka Autumn 2019"]
[Site "Satka"]
[Date "2019.09.25"]
[Round "7.19"]
[White "Lebedeva, Lubov E."]
[Black "Skobochkina, Maria"]
[Result "1-0"]
[WhiteElo "1802"]
[BlackElo "1432"]
[PlyCount "133"]
[EventDate "2019.09.19"]

1. e4 e5 2. Nf3 Nc6 3. Bc4 Nf6 4. d3 Bc5 5. c3 O-O 6. O-O d6 7. h3 h6 8. Nbd2
Qe7 9. Re1 Re8 10. Nf1 Be6 11. Bb5 Bd7 12. Ng3 Rad8 13. Be3 Bb6 14. Qd2 Rf8 15.
Bxc6 bxc6 16. a4 Bxe3 17. Qxe3 a5 18. b4 axb4 19. cxb4 Ra8 20. a5 Rfb8 21. Qd2
Rb5 22. d4 Rab8 23. a6 Ra8 24. Qc3 Qe8 25. dxe5 dxe5 26. Nd2 Bc8 27. a7 Rb7 28.
Ra5 Rbxa7 29. Rxe5 Qd7 30. Nc4 Ba6 31. Na5 Bb5 32. Nf5 Re8 33. Rc5 Qe6 34. Nxc6
Bxc6 35. Rxc6 Qe5 36. Qxe5 Rxe5 37. Nxh6+ Kf8 38. Ng4 Rxe4 39. Rxe4 Nxe4 40.
Ne3 Ra1+ 41. Kh2 Nxf2 42. Rxc7 Ne4 43. Nf5 Ra8 44. b5 g6 45. Nd4 Rb8 46. h4 Nd6
47. Rc5 Ne4 48. Re5 Nf6 49. Kg3 Nd7 50. Re1 Rb6 51. Kf3 Nc5 52. Rc1 Nd7 53. Ke4
Nf6+ 54. Kd3 Nd5 55. Kc4 Ne3+ 56. Kc5 Rb8 57. Nc6 Rc8 58. b6 Nxg2 59. b7 Re8
60. Rh1 Kg7 61. b8=Q Rxb8 62. Nxb8 f5 63. Kd4 Kf6 64. Nd7+ Ke6 65. Ne5 Kf6 66.
Nxg6 Kxg6 67. Rg1 1-0

[Event "Satka Autumn 2019"]
[Site "Satka"]
[Date "2019.09.25"]
[Round "7.20"]
[White "Sogoyan, Milena"]
[Black "Shamsutdinova, Karina"]
[Result "0-1"]
[WhiteElo "1361"]
[BlackElo "1747"]
[PlyCount "116"]
[EventDate "2019.09.19"]

1. c4 Nf6 2. Nc3 d5 3. cxd5 Nxd5 4. g3 c6 5. Bg2 Nb6 6. Nf3 g6 7. O-O Bg7 8. d3
O-O 9. a3 N8d7 10. Rb1 Re8 11. Bd2 Nd5 12. Qc2 N7f6 13. Ng5 h6 14. Nge4 e6 15.
Nxf6+ Nxf6 16. b4 Rb8 17. b5 c5 18. a4 b6 19. Ne4 Nd5 20. Qc1 Kh7 21. Bf4 e5
22. Bd2 f5 23. Nc3 Nf6 24. Qc2 Qd6 25. a5 Bb7 26. axb6 axb6 27. Bxb7 Rxb7 28.
Ra1 Rd8 29. Rfd1 f4 30. Ra6 fxg3 31. hxg3 Qd7 32. Kg2 Ne8 33. Qa4 Nc7 34. Ra7
Nxb5 35. Rxb7 Qxb7+ 36. Kg1 Nd4 37. Rb1 b5 38. Qd1 b4 39. Ne4 Ne6 40. Qb3 Qe7
41. Rc1 Bf8 42. Kg2 Nd4 43. Qd1 Qb7 44. f3 Rc8 45. Kf2 b3 46. Qh1 Rc6 47. Ng5+
Kg8 48. Ne4 Qg7 49. Rb1 c4 50. dxc4 Rxc4 51. e3 Nc6 52. Rxb3 Rxe4 53. Rc3 Qd7
54. Qc1 Bb4 55. Rxc6 Bxd2 56. Rc8+ Kf7 57. Qc7 Bxe3+ 58. Kg2 Rd4 0-1

[Event "Satka Autumn 2019"]
[Site "Satka"]
[Date "2019.09.25"]
[Round "7.21"]
[White "Dubovikova, Rada"]
[Black "Kanter, Elizaveta"]
[Result "0-1"]
[WhiteElo "1096"]
[BlackElo "1291"]
[PlyCount "72"]
[EventDate "2019.09.19"]

1. e4 c5 2. Nf3 d6 3. d4 cxd4 4. Nxd4 Nf6 5. Nc3 a6 6. Bd3 e5 7. Nf3 Be7 8. O-O
O-O 9. Bg5 Nbd7 10. Bxf6 Nxf6 11. Nd5 Nxd5 12. exd5 f5 13. Bc4 Kh8 14. a4 f4
15. Re1 g5 16. Nd2 g4 17. f3 Qb6+ 18. Kh1 Bh4 19. Re2 Bf5 20. Bb3 Rg8 21. Nc4
Qd8 22. Qf1 gxf3 23. gxf3 Qf6 24. c3 Bd3 25. Nb6 Bxe2 26. Qxe2 Rae8 27. Nd7 Qg7
28. Nb6 Qh6 29. c4 Qh5 30. a5 e4 31. Rf1 exf3 32. Qd2 Qg4 33. Qd4+ Rg7 34. Qg1
Qxg1+ 35. Rxg1 Rxg1+ 36. Kxg1 Re1# 0-1

[Event "Satka Autumn 2019"]
[Site "Satka"]
[Date "2019.09.25"]
[Round "7.22"]
[White "Zaitseva, Aleksandra"]
[Black "Sultanova, Kristina"]
[Result "0-1"]
[WhiteElo "1041"]
[BlackElo "1201"]
[PlyCount "116"]
[EventDate "2019.09.19"]

1. c4 e5 2. Nc3 Nf6 3. g3 c6 4. Bg2 d5 5. d3 Bb4 6. a3 Ba5 7. b4 Bc7 8. Bg5 Be6
9. Bxf6 gxf6 10. c5 Nd7 11. Nf3 a5 12. O-O axb4 13. axb4 Ke7 14. Rxa8 Qxa8 15.
Qa1 Rg8 16. d4 e4 17. Nd2 h5 18. h4 Qf8 19. Rc1 Qg7 20. Nf1 f5 21. e3 f4 22.
exf4 Bxf4 23. Ne2 Bxc1 24. Qxc1 Bg4 25. Nf4 Qxd4 26. Qd2 Qxd2 27. Nxd2 Ra8 28.
b5 Ra5 29. Bf1 Nxc5 30. bxc6 bxc6 31. Be2 Bxe2 32. Nxe2 Ra2 33. Nxe4 Nxe4 34.
Kf1 c5 35. f3 Nd6 36. Nf4 d4 37. Nxh5 d3 38. Nf4 d2 39. Ke2 Nf5 40. Nd5+ Kd6
41. Nc3 Nxg3+ 42. Kd1 Rb2 43. f4 Nf5 44. Ne4+ Kd5 45. Nxd2 c4 46. h5 c3 47. Nf1
c2+ 48. Kc1 Rb1+ 49. Kxc2 Rxf1 50. Kd3 Rxf4 51. Kc3 Rh4 52. h6 Rxh6 53. Kd3
Rh3+ 54. Ke2 Ke4 55. Kf2 Kf4 56. Kg2 Kg4 57. Kg1 Kf3 58. Kf1 Rh1# 0-1